000 00648nam a2200229Ia 4500
003 OSt
005 20220918202415.0
006 a|||||r|||| 00| 0
007 ta
008 220917b |||||||| |||| 00| 0 eng d
024 _a101,014
037 _cTextual
040 _aARTS
_cARTS
_beng
041 _2eng
_aeng
082 _aV235:1:D7, J8
100 _aChattopadhyaya Sudhakar
245 0 _aEarly history of North India
_b from the fall of the Mauryas to the death of Harsa C200 B C-A D 650
260 _c1958
650 _aHISTORY
942 _hV235:1:D7, J8
_cTEXL
_2CC
999 _c224530
_d224530